| 000 | 00567nam a2200181 i 4500 | ||
|---|---|---|---|
| 001 | 52471 | ||
| 003 | ES-MaACL | ||
| 005 | 20230906162604.0 | ||
| 007 | t| | ||
| 008 | 030829s1982 sp ||||1| spa d | ||
| 100 | 1 |
_aChecroun, Alain. _938308 |
|
| 245 | 1 | 0 |
_aBasic _b: programación de microordenadores / _cAlain Checroun ; [traducido por F.J. Sanchis Llorca]. |
| 260 |
_aMadrid : _bParaninfo, _c1982. |
||
| 300 |
_a112 p. ; _c22 cm. |
||
| 650 | 4 |
_aBASIC (Lenguaje de programación) _9148302 |
|
| 700 | 1 |
_aSanchís Llorca, F. J. _9103014 |
|
| 852 |
_aES-MaACL _jL-4645 |
||
| 999 |
_c52471 _d52471 |
||